[Event "DVM U20w 2020"]
[Site "Willingen GER"]
[Date "2021.06.25"]
[Round "3"]
[White "Malinowsky, Celina"]
[Black "Hartmann, Hannah"]
[Result "0-1"]
[Termination "normal"]
[Board "5.4"]
[WhiteElo "1372"]
[BlackElo "1327"]
[WhiteClock "00:30:36"]
[BlackClock "00:47:08"]
[WhiteTeam "SK Doppelbauer Kiel"]
[BlackTeam "SC Landskrone"]
[PlyCount "104"]
[WhiteFideId "16266986"]
[BlackFideId "16235274"]
[EventCountry "GER"]
[EventRounds "7"]
[EventType "team-swiss"]
[EventDate "2021.06.23"]

1. e4 {[%clk 01:30:57]  [%emt 00:00:02]} 1... e5 { [%clk 01:30:57]  [%emt
00:00:04]} 2. Nf3 {[%clk 01:31:09]  [%emt 00:00:17]} 2... Nc6 {[%clk 01:31:23] 
[%emt 00:00:04]} 3. Bc4 { [%clk 01:31:23]  [%emt 00:00:16]} 3... Bc5 {[%clk
01:31:47]  [%emt 00:00:06]} 4. c3 {[%clk 01:31:24]  [%emt 00:00:29]} 4... Nf6 {
[%clk 01:32:13]  [%emt 00:00:05]} 5. d3 {[%clk 01:31:09]  [%emt 00:00:44]} 5...
d6 {[%clk 01:32:30]  [%emt 00:00:12]} 6. Nbd2 {[%clk 01:30:28]  [%emt 00:01:11]
} 6... Be6 {[%clk 01:32:39]  [%emt 00:00:21]} 7. Bxe6 { [%clk 01:28:18]  [%emt
00:02:40]} 7... fxe6 {[%clk 01:33:04]  [%emt 00:00:06]} 8. Qb3 {[%clk 01:27:06]
 [%emt 00:01:42]} 8... Qc8 { [%clk 01:30:57]  [%emt 00:02:37]} 9. Ng5 {[%clk
01:24:51]  [%emt 00:02:44]} 9... d5 {[%clk 01:29:00]  [%emt 00:02:28]} 10. O-O
{ [%clk 01:23:45]  [%emt 00:01:35]} 10... h6 {[%clk 01:28:21]  [%emt 00:01:09]}
11. Ngf3 {[%clk 01:23:26]  [%emt 00:00:49]} 11... Bb6 { [%clk 01:27:43]  [%emt
00:01:08]} 12. Re1 {[%clk 01:23:19]  [%emt 00:00:37]} 12... Ng4 {[%clk
01:25:21]  [%emt 00:02:53]} 13. Re2 { [%clk 01:22:35]  [%emt 00:01:14]} 13...
Qd7 {[%clk 01:22:38]  [%emt 00:03:13]} 14. h3 {[%clk 01:22:46]  [%emt
00:00:19]} 14... Nxf2 { [%clk 01:22:39]  [%emt 00:00:29]} 15. Rxf2 {[%clk
01:22:51]  [%emt 00:00:25]} 15... Bxf2+ {[%clk 01:22:56]  [%emt 00:00:13]} 16.
Kxf2 { [%clk 01:23:15]  [%emt 00:00:06]} 16... O-O-O {[%clk 01:23:16]  [%emt
00:00:10] } 17. exd5 {[%clk 01:19:41]  [%emt 00:04:04]} 17... exd5 { [%clk
01:23:33]  [%emt 00:00:13]} 18. Nf1 {[%clk 01:19:25]  [%emt 00:00:46]} 18...
Rhf8 {[%clk 01:22:15]  [%emt 00:01:49]} 19. Kg1 { [%clk 01:19:27]  [%emt
00:00:27]} 19... Rde8 {[%clk 01:21:46]  [%emt 00:01:00]} 20. Ne3 {[%clk
01:15:14]  [%emt 00:04:43]} 20... d4 { [%clk 01:20:42]  [%emt 00:01:33]} 21.
cxd4 {[%clk 01:12:29]  [%emt 00:03:15]} 21... Nxd4 {[%clk 01:20:14]  [%emt
00:00:59]} 22. Nxd4 { [%clk 01:01:03]  [%emt 00:11:55]} 22... exd4 {[%clk
01:19:42]  [%emt 00:01:02]} 23. Nc2 {[%clk 00:58:09]  [%emt 00:03:23]} 23...
Re2 { [%clk 01:17:36]  [%emt 00:02:37]} 24. Bxh6 {[%clk 00:53:44]  [%emt
00:04:56]} 24... gxh6 {[%clk 01:17:14]  [%emt 00:00:53]} 25. Rf1 { [%clk
00:53:02]  [%emt 00:01:10]} 25... Rxf1+ {[%clk 01:15:35]  [%emt 00:02:09] } 26.
Kxf1 {[%clk 00:53:24]  [%emt 00:00:09]} 26... Re8 { [%clk 01:15:45]  [%emt
00:00:18]} 27. Qc4 {[%clk 00:50:49]  [%emt 00:03:08]} 27... Rd8 {[%clk
01:12:59]  [%emt 00:03:16]} 28. Qc5 { [%clk 00:47:42]  [%emt 00:03:36]} 28...
Kb8 {[%clk 01:05:19]  [%emt 00:08:10]} 29. Qe5 {[%clk 00:42:52]  [%emt
00:05:20]} 29... Qd6 { [%clk 01:01:50]  [%emt 00:03:59]} 30. Qe4 {[%clk
00:36:48]  [%emt 00:06:34]} 30... Qc6 {[%clk 00:58:04]  [%emt 00:04:17]} 31.
Qxc6 { [%clk 00:31:48]  [%emt 00:05:30]} 31... bxc6 {[%clk 00:58:29]  [%emt
00:00:05]} 32. Kf2 {[%clk 00:31:29]  [%emt 00:00:48]} 32... c5 { [%clk
00:58:16]  [%emt 00:00:44]} 33. b4 {[%clk 00:28:30]  [%emt 00:03:29]} 33...
cxb4 {[%clk 00:57:04]  [%emt 00:01:42]} 34. Nxb4 { [%clk 00:28:55]  [%emt
00:00:06]} 34... Kb7 {[%clk 00:57:22]  [%emt 00:00:12]} 35. Kf3 {[%clk
00:29:03]  [%emt 00:00:22]} 35... c5 { [%clk 00:56:51]  [%emt 00:01:00]} 36.
Nc2 {[%clk 00:29:25]  [%emt 00:00:08]} 36... Re8 {[%clk 00:57:09]  [%emt
00:00:11]} 37. g4 { [%clk 00:29:07]  [%emt 00:00:48]} 37... Kc6 {[%clk
00:57:27]  [%emt 00:00:13]} 38. h4 {[%clk 00:29:08]  [%emt 00:00:28]} 38... Kd5
{ [%clk 00:55:39]  [%emt 00:02:17]} 39. g5 {[%clk 00:29:14]  [%emt 00:00:24]}
39... hxg5 {[%clk 00:55:15]  [%emt 00:00:54]} 40. hxg5 { [%clk 00:29:36]  [%emt
00:00:08]} 40... Ke5 {[%clk 00:55:22]  [%emt 00:00:23]} 41. Kg4 {[%clk
00:29:55]  [%emt 00:00:11]} 41... Rb8 { [%clk 00:55:02]  [%emt 00:00:50]} 42.
Ne1 {[%clk 00:29:24]  [%emt 00:01:02]} 42... Rb2 {[%clk 00:50:47]  [%emt
00:04:45]} 43. Nf3+ { [%clk 00:29:45]  [%emt 00:00:09]} 43... Ke6 {[%clk
00:51:12]  [%emt 00:00:05]} 44. g6 {[%clk 00:29:31]  [%emt 00:00:45]} 44...
Rxa2 { [%clk 00:49:00]  [%emt 00:02:42]} 45. Kh5 {[%clk 00:29:20]  [%emt
00:00:41]} 45... Rg2 {[%clk 00:48:07]  [%emt 00:01:23]} 46. Kh6 { [%clk
00:29:32]  [%emt 00:00:18]} 46... Kf6 {[%clk 00:47:52]  [%emt 00:00:44]} 47.
Nh4 {[%clk 00:29:21]  [%emt 00:00:42]} 47... Rg4 { [%clk 00:46:44]  [%emt
00:01:38]} 48. Kh5 {[%clk 00:29:31]  [%emt 00:00:19]} 48... Rxh4+ {[%clk
00:47:08]  [%emt 00:00:07]} 49. Kxh4 { [%clk 00:29:50]  [%emt 00:00:11]} 49...
Kxg6 {[%clk 00:47:35]  [%emt 00:00:04]} 50. Kg3 {[%clk 00:29:56]  [%emt
00:00:23]} 50... a5 { [%clk 00:47:16]  [%emt 00:00:49]} 51. Kf4 {[%clk
00:30:21]  [%emt 00:00:05]} 51... Kf6 {[%clk 00:47:11]  [%emt 00:00:35]} 52.
Ke4 { [%clk 00:30:36]  [%emt 00:00:15]} 52... Ke6 {[%clk 00:47:08]  [%emt
00:00:33]} 0-1

[Event "DVM U20w 2020"]
[Site "Willingen GER"]
[Date "2021.06.25"]
[Round "3"]
[White "de Veer, Mara"]
[Black "Bräutigam, Katerina"]
[Result "0-1"]
[Termination "normal"]
[Board "6.1"]
[WhiteElo "1445"]
[BlackElo "1718"]
[WhiteTeam "SC Borussia Lichtenberg 2"]
[BlackTeam "Elmshorner SC von 1896"]
[PlyCount "94"]
[WhiteFideId "16217349"]
[BlackFideId "16242980"]
[EventCountry "GER"]
[EventRounds "7"]
[EventType "team-swiss"]
[EventDate "2021.06.23"]

1. e4 e5 2. Nf3 Nc6 3. Bc4 Bc5 4. d3 Nf6 5. c3 d6 6. Nbd2 a6 7. Bb3 h6 8. h3
Bd7 9. Nf1 g5 10. Be3 Ba7 11. Bxa7 Nxa7 12. Ne3 Qe7 13. Qc2 Nc6 14. O-O-O O-O-O
15. Nd5 Nxd5 16. Bxd5 Rdf8 17. Kb1 Nd8 18. Rhe1 f5 19. exf5 Bxf5 20. g4 Be6 21.
Bxe6+ Nxe6 22. Re3 Rf6 23. Ng1 Qf7 24. f3 Nf4 25. Rde1 Qd5 26. Re4 Qxd3 27.
Qxd3 Nxd3 28. R1e2 h5 29. gxh5 Nf4 30. Rh2 Rxh5 31. Kc2 Rfh6 32. Kd2 Nxh3 33.
Nxh3 Rxh3 34. Rf2 Rh2 35. Ree2 Rxf2 36. Rxf2 Kd7 37. Rg2 Rh5 38. Ke3 Ke6 39.
Ke4 d5+ 40. Ke3 Kf5 41. a3 Rh3 42. Rd2 c6 43. Rf2 g4 44. Ke2 gxf3+ 45. Rxf3+
Rxf3 46. Kxf3 c5 47. b3 d4 0-1

[Event "DVM U20w 2020"]
[Site "Willingen GER"]
[Date "2021.06.25"]
[Round "3"]
[White "Falke, Ornella"]
[Black "Kampa, Lavinia"]
[Result "1-0"]
[Termination "normal"]
[Board "6.2"]
[WhiteElo "1566"]
[BlackElo "1436"]
[WhiteTeam "Elmshorner SC von 1896"]
[BlackTeam "SC Borussia Lichtenberg 2"]
[PlyCount "81"]
[WhiteFideId "16207092"]
[BlackFideId "34606068"]
[EventCountry "GER"]
[EventRounds "7"]
[EventType "team-swiss"]
[EventDate "2021.06.23"]

1. e4 e5 2. Nf3 Nf6 3. Nxe5 d6 4. Nf3 Nxe4 5. Nc3 Nxc3 6. dxc3 Bg4 7. Be3 Be7
8. h3 Bh5 9. Qd5 Bg6 10. Qxb7 Nd7 11. Bxa7 c5 12. Bb5 Bf5 13. a4 O-O 14. O-O
Qc8 15. Qxc8 Rfxc8 16. Bxd7 Bxd7 17. Bb6 Rcb8 18. a5 Rb7 19. Nd2 Bc6 20. Rab1
Bg5 21. f4 Bf6 22. Nc4 Rd7 23. Rfd1 Be7 24. b4 Be4 25. Rd2 d5 26. Ne5 Rb7 27.
Nd3 Bxd3 28. cxd3 d4 29. c4 cxb4 30. c5 Kf8 31. Rxb4 Rd7 32. Rc4 Rb7 33. Rdc2
Ke8 34. Rxd4 Bf6 35. Re2+ Re7 36. Rxe7+ Kxe7 37. Rc4 Kd7 38. c6+ Kc8 39. Re4
Bd4+ 40. Rxd4 Rxa5 41. Rd8# 1-0

[Event "DVM U20w 2020"]
[Site "Willingen GER"]
[Date "2021.06.25"]
[Round "3"]
[White "Kessen, Fanny"]
[Black "Margaryan, Susanna"]
[Result "1/2-1/2"]
[Termination "normal"]
[Board "6.3"]
[WhiteElo "1274"]
[BlackElo "1468"]
[WhiteTeam "SC Borussia Lichtenberg 2"]
[BlackTeam "Elmshorner SC von 1896"]
[PlyCount "102"]
[WhiteFideId "16217357"]
[BlackFideId "16268210"]
[EventCountry "GER"]
[EventRounds "7"]
[EventType "team-swiss"]
[EventDate "2021.06.23"]

1. e4 d5 2. exd5 Qxd5 3. Nc3 Qa5 4. Bc4 Nf6 5. d4 c6 6. Bd2 Qc7 7. Nf3 Bf5 8.
O-O e6 9. Ne2 Bd6 10. c3 O-O 11. Ng3 Bg6 12. Nh4 Nbd7 13. Nxg6 hxg6 14. Qf3
Rac8 15. h3 e5 16. Be3 a6 17. Ne4 Nxe4 18. Qxe4 exd4 19. Bxd4 c5 20. Be3 b5 21.
Bb3 c4 22. Bc2 Rfe8 23. Qg4 Nf6 24. Qf3 Bc5 25. Rfe1 Bxe3 26. Rxe3 Rxe3 27.
Qxe3 Re8 28. Qf3 Qe5 29. Rd1 Qe2 30. Qxe2 Rxe2 31. Rc1 Kf8 32. Kf1 Re6 33. Rd1
Ke7 34. a4 Rd6 35. Ke2 Rxd1 36. Bxd1 Kd6 37. Ke3 Kc5 38. axb5 axb5 39. Bf3 Ne8
40. g4 Nd6 41. Be4 Nxe4 42. Kxe4 Kc6 43. Ke5 Kc5 44. f3 Kc6 45. Ke4 Kd6 46. Kd4
f6 47. Ke4 Ke6 48. Kd4 Kd6 49. Ke4 Ke6 50. Kd4 Kd6 51. Ke4 Ke6 1/2-1/2

[Event "DVM U20w 2020"]
[Site "Willingen GER"]
[Date "2021.06.25"]
[Round "3"]
[White "Neitzel, Emma"]
[Black "Ludwig, Lea"]
[Result "1/2-1/2"]
[Termination "normal"]
[Board "6.4"]
[WhiteElo "1029"]
[BlackElo "1222"]
[WhiteTeam "Elmshorner SC von 1896"]
[BlackTeam "SC Borussia Lichtenberg 2"]
[PlyCount "72"]
[WhiteFideId "16298373"]
[BlackFideId "16217381"]
[EventCountry "GER"]
[EventRounds "7"]
[EventType "team-swiss"]
[EventDate "2021.06.23"]

1. d4 d5 2. c4 e6 3. Nc3 c6 4. cxd5 exd5 5. a3 Nf6 6. Bg5 Bd6 7. e4 dxe4 8.
Nxe4 Be7 9. Nxf6+ Bxf6 10. Bxf6 Qxf6 11. Nf3 O-O 12. Bd3 Re8+ 13. Be2 Be6 14.
O-O Nd7 15. Re1 Qh6 16. Qc1 Qf6 17. Qc3 Bd5 18. Rad1 Nf8 19. Ne5 Ng6 20. Nxg6
Qxg6 21. Bf3 Be6 22. Be4 Qf6 23. Qf3 Qxf3 24. Bxf3 g6 25. h4 Rad8 26. d5 cxd5
27. Bxd5 Bxd5 28. Rxe8+ Rxe8 29. Rxd5 Re2 30. Rb5 Re1+ 31. Kh2 b6 32. Kg3 Re4
33. Rd5 Re7 34. f4 f5 35. Re5 Kf7 36. h5 Rd7 1/2-1/2

[Event "DVM U20w 2020"]
[Site "Willingen GER"]
[Date "2021.06.25"]
[Round "3"]
[White "Sickmann, Lisa"]
[Black "Stelter, Finja"]
[Result "1/2-1/2"]
[Termination "normal"]
[Board "7.1"]
[WhiteElo "1510"]
[BlackElo "1133"]
[WhiteTeam "Lübecker SV von 1873"]
[BlackTeam "SK Lehrte von 1919 e. V."]
[PlyCount "84"]
[WhiteFideId "16267818"]
[BlackFideId "16298624"]
[EventCountry "GER"]
[EventRounds "7"]
[EventType "team-swiss"]
[EventDate "2021.06.23"]

1. e4 c5 2. Nf3 Nc6 3. d4 cxd4 4. Nxd4 g6 5. Be3 Bg7 6. c4 Nf6 7. Nc3 O-O 8.
Be2 Qa5 9. O-O e6 10. f3 Qb4 11. Qd2 d5 12. cxd5 exd5 13. exd5 Nxd5 14. Nxc6
bxc6 15. Nxd5 Qxd2 16. Ne7+ Kh8 17. Bxd2 Re8 18. Bb4 Bd4+ 19. Kh1 c5 20. Bc3
Rxe7 21. Bc4 Be6 22. Rfe1 Rae8 23. Bxe6 Rxe6 24. Red1 Kg8 25. h3 Rd8 26. Rd2
Kf8 27. Rad1 Red6 28. b4 Ke7 29. bxc5 Bxc5 30. Kh2 Rxd2 31. Rxd2 Rxd2 32. Bxd2
h5 33. Kg3 Kf6 34. Kf4 Ke6 35. Ke4 Bb6 36. Be3 Bxe3 37. Kxe3 Ke5 38. g4 hxg4
39. fxg4 g5 40. Kf3 Kd4 41. Kg3 Ke4 42. h4 gxh4+ 1/2-1/2

[Event "DVM U20w 2020"]
[Site "Willingen GER"]
[Date "2021.06.25"]
[Round "3"]
[White "Thiele, Lea-Marie"]
[Black "Schmidt, Antonia"]
[Result "0-1"]
[Termination "normal"]
[Board "7.2"]
[WhiteElo "1263"]
[BlackElo "1458"]
[WhiteTeam "SK Lehrte von 1919 e. V."]
[BlackTeam "Lübecker SV von 1873"]
[PlyCount "80"]
[WhiteFideId "16298616"]
[BlackFideId "16291280"]
[EventCountry "GER"]
[EventRounds "7"]
[EventType "team-swiss"]
[EventDate "2021.06.23"]

1. d4 Nf6 2. c4 g6 3. Nc3 Bg7 4. Bf4 d6 5. Nf3 O-O 6. Qd2 c5 7. d5 a5 8. a4 Bf5
9. h4 h5 10. Bh6 Ne4 11. Nxe4 Bxe4 12. Rh3 Re8 13. Rg3 Bh8 14. e3 Bxf3 15. gxf3
Kh7 16. Bf4 Qb6 17. O-O-O Na6 18. Bd3 Nb4 19. Bb1 Qc7 20. Rdg1 Rg8 21. Qe1 Qb6
22. Qd2 Bf6 23. Bg5 Rae8 24. Bxf6 exf6 25. Qc3 Qd8 26. f4 f5 27. Rg5 Kh6 28.
Qe1 Qd7 29. R1g2 Qxa4 30. Qe2 Na2+ 31. Kd2 Qb3 32. Bxf5 Qxb2+ 33. Bc2 Qb4+ 34.
Kd1 Nc3+ 35. Kd2 Nxe2+ 36. Kxe2 Qxc4+ 37. Bd3 Qa2+ 38. Kf1 c4 39. Be2 Qb1+ 40.
Bd1 Qxd1# 0-1

[Event "DVM U20w 2020"]
[Site "Willingen GER"]
[Date "2021.06.25"]
[Round "3"]
[White "Hellenbroich, Helene"]
[Black "Daoud, Shahnaz"]
[Result "1/2-1/2"]
[Termination "normal"]
[Board "7.3"]
[WhiteElo "1358"]
[BlackElo "1145"]
[WhiteTeam "Lübecker SV von 1873"]
[BlackTeam "SK Lehrte von 1919 e. V."]
[PlyCount "50"]
[WhiteFideId "16270754"]
[BlackFideId "16297750"]
[EventCountry "GER"]
[EventRounds "7"]
[EventType "team-swiss"]
[EventDate "2021.06.23"]

1. e4 e5 2. Nf3 Nc6 3. Bc4 Bc5 4. c3 Nf6 5. d3 d6 6. Bg5 h6 7. Bh4 g5 8. Bg3
Ng4 9. h3 Nf6 10. Nbd2 Be6 11. Bb5 Ke7 12. Bxc6 bxc6 13. d4 exd4 14. cxd4 Bb4
15. O-O g4 16. hxg4 Bxg4 17. e5 dxe5 18. dxe5 Nh5 19. Bh4+ f6 20. exf6+ Nxf6
21. Qe2+ Kf8 22. Qe5 Be7 23. Bxf6 Bxf6 24. Qc5+ Qd6 25. Ne4 Qxc5 1/2-1/2